|
|
|
|
| LEADER |
00000nas a2200000 a 4500 |
| 001 |
ssj0024833 |
| 003 |
WaSeSS |
| 005 |
20200512172242.0 |
| 006 |
m d |
| 007 |
cr n |
| 008 |
971015c19959999couqr pss 0 a0eng c |
| 010 |
|
|
|a 2003215245
|
| 016 |
7 |
|
|a 2060630 8
|2 DE-600
|
| 022 |
|
|
|a 1545-1534
|l 1080-6032
|y 1080-6032
|
| 035 |
|
|
|a (WaSeSS)ssj0024833
|
| 037 |
|
|
|b WEM Journal Online, 810 E. 10th St., Lawrence, KS 66044
|
| 040 |
|
|
|a F#A
|b eng
|c F#A
|d OCL
|d OCLCQ
|d NSD
|d OCLCQ
|d OCL
|d OCLCS
|d CUS
|d BIK
|d AGL
|d OCLCQ
|d PFM
|d GBT
|d OCLCQ
|d OPELS
|d OCLCF
|d OCLCQ
|d Z5A
|d OCLCO
|d OCLCA
|d BUF
|d FQM
|d AU@
|d OCLCO
|d WYU
|d SPIES
|d VT2
|d U3W
|d WaSeSS
|
| 042 |
|
|
|a nsdp
|a pcc
|
| 050 |
1 |
4 |
|a RC1220.M6
|b J68
|
| 060 |
0 |
0 |
|a W1
|b JO972CP
|
| 070 |
0 |
|
|a RC1220.M6
|b W55
|
| 072 |
|
0 |
|a X380
|
| 072 |
|
0 |
|a P300
|
| 082 |
1 |
0 |
|a 616.9
|2 13
|
| 130 |
0 |
|
|a Wilderness & environmental medicine (Online)
|
| 210 |
0 |
|
|a Wilderness environ. med.
|b (Online)
|
| 222 |
|
0 |
|a Wilderness & environmental medicine
|b (Online)
|
| 245 |
1 |
0 |
|a Wilderness & environmental medicine
|h [electronic resource].
|
| 246 |
3 |
|
|a Wilderness and environmental medicine
|
| 260 |
|
|
|a [Colorado Springs, CO] :
|b Wilderness Medical Society
|
| 310 |
|
|
|a Quarterly
|
| 362 |
1 |
|
|a Print began in 1995.
|
| 506 |
|
|
|a License restrictions may limit access.
|
| 588 |
|
|
|a Description based on: Vol. 8, no. 1 (1997); title from journal information screen.
|
| 588 |
|
|
|a Latest issue consulted: Vol. 20, no. 2 (June 2009) (viewed July 13, 2009).
|
| 650 |
|
0 |
|a Mountaineering injuries
|v Periodicals.
|
| 650 |
|
0 |
|a Outdoor medical emergencies
|v Periodicals.
|
| 650 |
|
0 |
|a Adaptation (Physiology)
|v Periodicals.
|
| 650 |
|
0 |
|a Human beings
|x Effect of environment on
|v Periodicals.
|
| 650 |
|
7 |
|a Adaptation (Physiology)
|2 fast
|0 (OCoLC)fst00796481
|
| 650 |
|
7 |
|a Human beings
|x Effect of environment on.
|2 fast
|0 (OCoLC)fst00962843
|
| 650 |
|
7 |
|a Mountaineering injuries.
|2 fast
|0 (OCoLC)fst01028362
|
| 650 |
|
7 |
|a Outdoor medical emergencies.
|2 fast
|0 (OCoLC)fst01049154
|
| 650 |
|
2 |
|a Disasters.
|
| 650 |
|
2 |
|a Emergencies.
|
| 650 |
|
2 |
|a Environmental Exposure.
|
| 650 |
|
2 |
|a Environmental Health.
|
| 650 |
|
2 |
|a Sports Medicine.
|
| 650 |
|
2 |
|a Travel.
|
| 655 |
|
0 |
|a Electronic journals.
|
| 710 |
2 |
|
|a Wilderness Medical Society.
|
| 776 |
0 |
8 |
|i Print version:
|t Wilderness & environmental medicine
|x 1080-6032
|w (DLC) 95660051
|w (OCoLC)31828406
|
| 780 |
0 |
0 |
|t Journal of wilderness medicine (Online)
|w (OCoLC)60624769
|
| 856 |
4 |
0 |
|z Full text available from Research Library: 04/01/2005 to 07/31/2011
|u https://search.proquest.com/publication/44246
|